Learning in Embedded Systems

Salvato in:
Dettagli Bibliografici
Autore principale: Kaelbling, Leslie Pack (Autore)
Natura: Libro
Lingua:inglese
Pubblicazione: Cambridge : The MIT Press, 1993
Soggetti:
Tags: Aggiungi Tag
Nessun Tag, puoi essere il primo ad aggiungerne!!

MARC

LEADER 00000nam a22000003a 4500
001 stu183417
005 20190206134345.0
008 090422s1993----uk------------------eng-d
020 |a 978-0-262-51278-7 
040 |a STU  |b slo 
041 0 |a eng 
044 |a uk 
100 1 |a Kaelbling, Leslie Pack  |4 aut 
245 1 |a Learning in Embedded Systems 
260 |a Cambridge :  |b The MIT Press,  |c 1993 
300 |a 176 s 
650 7 |a vnorené systémy  |2 stusub 
650 7 |a programovanie  |2 stusub 
650 7 |a počítačové algoritmy  |2 stusub 
996 |c I*7PS6064  |l I  |s A  |a 24  |w stu183417_0001